000 00460nam a2200169 i 4500
001 40050
003 ES-MaACL
005 20230906160130.0
007 t|
008 030305s1968 sp ||||1| spa d
100 1 _aCañete Quintanilla, M.
_934752
245 1 3 _aUn ciudadano del siglo XX /
_cM. Cañete Quintanilla.
250 _a[1ª ed.].
260 _aBarcelona :
_bPicazo,
_c[1968]
300 _a179 p. ;
_c18 cm.
852 _aES-MaACL
_jC-34834
_bR.66920
999 _c40050
_d40050